000
00333nam a22001457a 4500
003
SGT
020
_a
818974731-2
082
_a
615.19
_b
RAO
100
_a
RAO, DR. G. DEVALA
245
_a
PRACTICAL MEDICINAL CHEMISTRY
260
_a
INDIA
_b
BIRLA PUB.
_c
2025
300
_a
160
650
_a
MEDICINAL CHEMISTRY
942
_2
ddc
_c
BK
999
_c
32926
_d
32926